Platenie preddavkov na daň z príjmov fyzických osôb na rok 2003

Bibliographic Details
Main Author: Ráznerová, Marta (Author)
Format: Article
Language:Slovak
ISSN:1335-0897
Subjects:

MARC

LEADER 00000nab a2200000 a 4500
001 vtls000823575
003 SK-MaSNL
005 20260302145930.0
008 180207c2003 xo 0 slo
015 |a SNBRB2003/02-03580 
035 |a CLN000175230 
040 |a SNKBUCL  |b slo  |c SNKBUCL  |e AACR2 
041 0 |a slo 
044 |a xo  |c SK 
080 |a 336.215.024.1.029.5  |2 UDC-MRF-SK2 
100 1 |a Ráznerová, Marta  |4 aut  |9 838660 
245 1 0 |a Platenie preddavkov na daň z príjmov fyzických osôb na rok 2003  |c Marta Ráznerová 
650 0 7 |a osoby fyzické  |x dane z príjmov  |x preddavky  |y 2003  |2 snkbucl  |9 838661 
650 0 7 |a dane z príjmov  |2 snkbucl  |9 2125 
650 0 7 |a preddavky  |2 snkbucl  |9 838606 
655 7 |a články z novín a časopisov  |2 snkbucl  |9 267496 
773 0 |x 1335-0897  |t Daňový a účtovný poradca podnikateľa  |g Č. 2-3 (2003), s. 364-375 
850 |a Slovenská národná knižnica v Martine 
852 |a SNK  |b KIS3GCP 
958 |a RBX 
999 |c 1356021  |d 1357951